Environmental geoscience: introducatin between natural systems and man (Record no. 59471)

MARC details
000 -LEADER
fixed length control field 00397nam a2200145Ia 4500
008 - FIXED-LENGTH DATA ELEMENTS--GENERAL INFORMATION
fixed length control field 230917s9999||||xx |||||||||||||| ||und||
040 ## - CATALOGING SOURCE
-- 84473
Original cataloging agency VIVEKANANDA LIBRARY
041 ## - Language
-- English
082 ## - DDC NUMBER
Classification number 550 S82E
100 ## - MAIN ENTRY--PERSONAL NAME
Personal name Strahler, Arthur N
245 #0 - TITLE STATEMENT
Title Environmental geoscience: introducatin between natural systems and man
260 ## - PUBLICATION, DISTRIBUTION, ETC. (IMPRINT)
Place of publication, distribution, etc New York
Name of publisher, distributor, etc John Wiley
Date of publication, distribution, etc 1973
300 ## - PHYSICAL DESCRIPTION
Pages ix, i-23 p.
942 ## - ADDED ENTRY ELEMENTS (KOHA)
Koha item type Books
Holdings
Withdrawn status Lost status Damaged status Not for loan Location (home branch) Sublocation or collection (holding branch) Shelving location Date acquired Koha issues (times borrowed) Koha full call number Accession No. Koha date last seen Koha item type
        VIVEKANANDA LIBRARY VIVEKANANDA LIBRARY Geography Department 25/03/2003   550 S82E 130267 17/09/2023 Books
© Designed and Maintained by Vivekananda Library, MDU Rohtak